Quæstiones quas pro modulo discutiendæ sub clærissimo pariter ac Reverendissimo Domino D. Crescentio Mathero : Academiæ Harvardinæ quæ est Cantabrigiæ Nov-Anglorum præside lectissimo in comitiis publicis proponunt laureæ magistralis candidati : die tertio quintilis, MDCC.

Bibliographic Details
Corporate Author: Harvard College (1636-1780)
Other Authors: Mather, Increase, 1639-1723
Format: Microform Book
Language:Latin
Published: [Cambridge, Mass.] : [B. Green and J. Allen], [1695]
Series:Early English books, 1641-1700 ; 1616:53.
Subjects:

MARC

Tag First Indicator Second Indicator Subfields
LEADER 00000cam a2200000 a 4500
001 in00000957430
005 20150926133258.0
007 hd afb017baca
007 hd bfb017baaa
008 871201r19851700miu a 00010 lat d
035 |a (OCoLC)17154119 
035 |9 AEU0252AM 
037 |a CL0037000058  |b University Microfilms International 
037 |b University Microfilms International, 300 N. Zeeb Rd., Ann Arbor, MI 48106 
040 |a EAK  |c EAK  |d UtOrBLW 
043 |a n-us-ma 
045 2 |b d1636  |b d1780 
049 |a TXAI 
090 |a LD2133  |b .H37 1700 
099 |a film   |a  B   |a  3609 
110 2 |a Harvard College (1636-1780) 
245 1 0 |a Quæstiones quas pro modulo discutiendæ sub clærissimo pariter ac Reverendissimo Domino D. Crescentio Mathero :  |b Academiæ Harvardinæ quæ est Cantabrigiæ Nov-Anglorum præside lectissimo in comitiis publicis proponunt laureæ magistralis candidati : die tertio quintilis, MDCC. 
264 1 |a [Cambridge, Mass.] :  |b [B. Green and J. Allen],  |c [1695] 
300 |a 1 broadside. 
336 |a text  |b txt  |2 rdacontent 
337 |a microform  |b h  |2 rdamedia 
338 |a microfilm reel  |b hd  |2 rdacarrier 
500 |a Printed within an ornamental border identified as one used after May, 1695, only by the printing firm of Batholomew Green and John Allen of Boston--Cf. A dictionary of colonial American printers' ornaments ... / Elizabeth C. Reilly. Worcester, Mass. : American Antiquarian Society, 1975, page 125. 
500 |a Reproduction of original in the Harvard University Library. 
510 4 |a Wing  |c H1039 
533 |a Microfilm.  |b Ann Arbor, Mich. :  |c University Microfilms International,  |d 1985.  |e 1 microfilm reel ; 35 mm.  |f (Early English books, 1641-1700 ; 1616:53) 
500 |a Microform. 
610 2 0 |a Harvard College (1636-1780)  |x Dissertations. 
650 0 |a Dissertations, Academic. 
650 0 |a Universities and colleges  |z Massachusetts. 
700 1 |a Mather, Increase,  |d 1639-1723. 
830 0 |a Early English books, 1641-1700 ;  |v 1616:53. 
999 |a MARS 
999 f f |s d714bd38-97aa-33f0-a765-9681d3892be0  |i 0cb0ff6d-8af4-3d64-b41a-554f002e68bc  |t 0 
952 f f |p default  |a Texas A&M University  |b College Station  |c Sterling C. Evans Library  |d Evans: Microforms (3rd floor)  |t 0  |e film B 3609 1616:53  |h Other scheme  |i microform -- microfilm reel 
998 f f |a film B 3609 1616:53  |t 0  |l Evans: Microforms (3rd floor)